| 000 | 00702na a2200241 4500 | ||
|---|---|---|---|
| 001 | 14024 | ||
| 003 | MIRAKIL | ||
| 005 | 20181213154748.0 | ||
| 008 | 160825b tu 000 0 | ||
| 035 | _a14024 | ||
| 040 |
_aMilas _btur _cTR-AnCHP |
||
| 082 |
_a923.7 Ural,A. _bU62t 2002 |
||
| 090 | _a923.7 Ural,A. U62t 2002 | ||
| 100 | _aUral, Atıf | ||
| 245 |
_aTürkiye'de bir bilim adamının öyküsü _cAtıf Ural |
||
| 260 |
_aİstanbul _bMarmara Üniversitesi _c2002 |
||
| 300 |
_aviii, 304 s. _c23 sm. |
||
| 600 |
_aUral, Atıf _xAnılar |
||
| 650 |
_aEğitimciler _xAnılar _zTürkiye |
||
| 650 |
_aYüksek Öğretim _zTürkiye |
||
| 650 |
_aKocaeli Üniversitesi _xTarih |
||
| 942 |
_2dcc _cBKS |
||
| 999 |
_c410 _d410 |
||